000 00361nam a22001217a 4500
008 180504b xxu||||| |||| 00| 0 eng d
041 _aeng
080 _a043.3
100 _a0
101 _aMEK-MTH
245 _aLinjat fleksibile të procesit teknologjik në industrinë e materialit ndërtimor "Vëllezërit Geci" në Skënderaj
_cVeseli,Sh
942 _2udc
_cBK
999 _c45663
_d45663